00944nam a22001937a 450000500170000000800410001704000270005804100080008504400070009308200200010024501090012026000860022930000180031550000940033350501900042765000580061765000440067565000310071920160122140110.0160122b2009 ck ||||| |||| 00| 0 spa d aCO-BoIAVH cCO-BoIAVH  aspa ack14a507.86165bG63v00aVaupés. Fragmentos para una historia económica y sociocultural : btexto guía para la enseñanza aBogotá:bUniversida Nacional de Colombia. Facultad de Ciencias Humanas,c2009. a132 páginas aMaterial de consulta en sala -- no se permite su reproducción de forma parcial o total. aParte 1 -- El Vaupés en el contexto de la amazonia noroccidental Parte 2 -- Sociedad y cultura indígena vaupesina Parte 3 -- Historia y tradición oral entre los Tukano orientales 14aConocimiento tradicionalxTukanozVaupés (Colombia)14aGrupos indígenaszVaupés (Colombia)14aFaunazVaupés (Colombia)